banner-ar

مسرحيات فصل واحد (هدية من الاديب عبدالفتاح الجمل) / (Record no. 38610)

MARC details
000 -الفاتح
حقل البيانات ثابتة الطول 00618nam a2200205Ia 4500
008 - عناصر البيانات ثابتة الطول - معلومات عامة
حقل البيانات ثابتة الطول 140319s9999 xx 000 0 ara d
040 ## - مصدر الفهرسة
وكالة الفهرسة الأصلية GCL /
وكالة النسخ GCL
082 04 - رقم تصنيف ديوى العشرى
رقم التصنيف 812.009
رقم المادة ف م
100 1# - المدخل الرئيسى - إسم شخصى
الإسم الشخصى محمود دياب
245 10 - بيان العنوان
العنوان مسرحيات فصل واحد (هدية من الاديب عبدالفتاح الجمل) /
بيان المسئوليه,etc محمود دياب
700 1# - المدخل الاضافى - اسم شخصى
الإسم الشخصى فتحى رضوان
700 1# - المدخل الاضافى - اسم شخصى
الإسم الشخصى فريد كامل
300 ## - الوصف المادى
التعداد 136 ص
490 ## - بيان السلسلة
عنوان السلسلة
650 04 - المدخل الاضافى بالموضوع-مصطلح موضوعى
مصطلح موضوعي المسرح العربى
650 04 - المدخل الاضافى بالموضوع-مصطلح موضوعى
مصطلح موضوعي تاريخ ونقد
650 04 - المدخل الاضافى بالموضوع-مصطلح موضوعى
مصطلح موضوعي الادب العربى - مسرحيات
942 ## - عناصر المدخل الإضافي( كوها)
مصدر التصنيف او مخطط الترفيف Dewey Decimal Classification
Koha [default] item type كتاب
Holdings
حالة التراجع حالة الفقد حالة تلف ليس للاعارة المكان المؤقت الموقع الحالى تاريخ الاكتساب اجمالي اﻻعارات رقم الطلب الباركود تاريخ اخر مشاهدة تاريخ تفعيل السعر نوع وعاء كوها
        مكتبة القاهرة الكبرى مكتبة القاهرة الكبرى 03/26/2014   812.009\ف م 94019 03/26/2014 03/26/2014 كتاب

Powered By

EGPV